نحو مستقبل أفضل لتكنولوجيا المعلومات في مصر : (رقم التسجيلة. 17807)

تفاصيل مارك
000 -LEADER
fixed length control field 00856nam a22001937a 4500
005 - DATE AND TIME OF LATEST TRANSACTION
control field 20251108164931.0
008 - FIXED-LENGTH DATA ELEMENTS--GENERAL INFORMATION
fixed length control field 250721s1995 xx 000 0 ara d
082 14 - DEWEY DECIMAL CLASSIFICATION NUMBER
Classification number 651.8/مؤت
100 1# - MAIN ENTRY--PERSONAL NAME
Personal name الهادي، محمد محمد
Relator term شارح
111 2# - MAIN ENTRY--MEETING NAME
Meeting name or jurisdiction name as entry element المؤتمر العلمي لنظم المعلومات و تكنولوجيا الحاسبات (1993:1: القاهره)
245 10 - TITLE STATEMENT
Title نحو مستقبل أفضل لتكنولوجيا المعلومات في مصر :
Remainder of title أبحاث و دراسات المؤتمر العلمي الأول لنظم المعلومات و ... /
264 1# - PRODUCTION, PUBLICATION, DISTRIBUTION, MANUFACTURE, AND COPYRIGHT NOTICE
Place of production, publication, distribution, manufacture القاهره :
Name of producer, publisher, distributor, manufacturer المكتبة الأكاديمية،
Date of production, publication, distribution, manufacture, or copyright notice 1995.
300 ## - PHYSICAL DESCRIPTION
Extent 447ص
650 17 - SUBJECT ADDED ENTRY--TOPICAL TERM
Topical term or geographic name as entry element المعلومات
650 17 - SUBJECT ADDED ENTRY--TOPICAL TERM
Topical term or geographic name as entry element إختزان و إسترجاع المعلومات
650 17 - SUBJECT ADDED ENTRY--TOPICAL TERM
Topical term or geographic name as entry element نظم المعلومات
942 ## - ADDED ENTRY ELEMENTS (KOHA)
Source of classification or shelving scheme Dewey Decimal Classification
Koha item type كتب
المقتنيات
حالة السحب حالة الفقدان مصدر التصنيف حالة التلف غير قابل للإعارة المكتبة الرئيسية المكتبة الحالية موقع الرف تاريخ التزويد الرقم المتسلسل Total Checkouts رقم الإستدعاء الباركود تاريخ آخر ظهور تاريخ الفاتورة نوع المادة (كوها)
    Dewey Decimal Classification     المكتبة المركزية المكتبة المركزية الإعارة 06/07/2004 206296   651.8/مؤت 206296 28/07/2025 06/07/2004 كتب
    Dewey Decimal Classification Unchecked   مكتبة الأميرة ايمان العامة مكتبة الأميرة ايمان العامة الإعارة 06/07/2004 5284   651.8/مؤت   28/07/2025 06/07/2004 كتب
    Dewey Decimal Classification     مكتبة صويلح العامة مكتبة صويلح العامة الإعارة 27/06/2019 {9642}   651.8/مؤت PLD00455318 28/07/2025 27/06/2019 كتب
Implemented & Customized by: BBB with SCIT (Smart Chains for Information Technology)

Powered by Koha